| 000 | 00853nam a22002897a 4500 | ||
|---|---|---|---|
| 001 | 5268 | ||
| 003 | FISKH | ||
| 005 | 20241121154805.0 | ||
| 008 | 241121b cb ||||| |||| 00| 0 eng d | ||
| 020 | _a9780545545693 | ||
| 040 |
_aFISKH _beng _cFISKH _dFISKH |
||
| 050 | _aPZ7.M47841327 | ||
| 082 | _a535 | ||
| 100 |
_aMcCarty, Peter _d(1966-) |
||
| 245 |
_aHenry in love / _cPeter McCarty |
||
| 250 | _aFirst printing in 2013 | ||
| 260 |
_aNew York : _bScholastic, _c2013. |
||
| 300 |
_a41 pages : _bColor illustrations ; _c24 cm |
||
| 505 | _aJ | ||
| 520 | _aOn the first day of school, Henry the cat vies for the attention of the most amazing girl in class, Chloe Rabbit. | ||
| 521 | 8 |
_a460L
_bLexile |
|
| 521 | 8 |
_aJ
_bRaz-Plus |
|
| 650 |
_2Love _aPicture book |
||
| 650 |
_2Rabbits _aFiction |
||
| 942 |
_2ddc _cBK _n0 |
||
| 999 |
_c5268 _d5268 |
||